[Event "It (cat.7)"]
[Site "St. Petersburg (Russia)"]
[Date "2008.01.31"]
[Round "8"]
[White "Ginzburg Mikhail (BLR)"]
[Black "Sudakova Irina (RUS)"]
[Result "1/2-1/2"]
[WhiteElo "2262"]
[BlackElo "2333"]
[PlyCount "65"]
[EventDate "2008.??.??"]
[Source "www.chesslib.no"]
[SourceDate "2004.05.04"]

1. e4 e5 2. Nf3 Nc6 3. Bb5 a6 4. Ba4 f5 5. Nc3 fxe4 6. Nxe4 b5 7. Bb3 d5 8.
Nxe5 Nxe5 9. Qh5+ Ng6 10. Bxd5 Bg4 11. Bc6+ Bd7 12. Qd5 Bxc6 13. Qxc6+ Kf7 14.
O-O h6 15. Re1 Be7 16. a4 Nf6 17. Nxf6 gxf6 18. axb5 axb5 19. Rxa8 Qxa8 20.
Qxb5 Rg8 21. Qh5 Qa4 22. Qd5+ Kg7 23. d4 Qxc2 24. Bxh6+ Kxh6 25. Qxg8 Bb4 26.
Rf1 Qxb2 27. Qd8 Be7 28. Qxc7 Qxd4 29. Qc1+ Kg7 30. Rd1 Qe4 31. Qb1 Qc6 32. Qf5
Qxg2+ 33. Kxg2 1/2-1/2

[Event "otb"]
[Site "otb"]
[Date "2007.03.21"]
[Round "7"]
[White "Filippov Anton"]
[Black "Saidov Beqali"]
[Result "1-0"]
[WhiteElo "2486"]
[BlackElo "2297"]
[PlyCount "53"]
[Source "www.chesslib.no"]
[SourceDate "2004.05.04"]

1. e4 e5 2. Nf3 Nc6 3. Bb5 a6 4. Ba4 f5 5. d4 fxe4 6. Nxe5 Qh4 7. O-O Bd6 8. f4
Nf6 9. Nc3 O-O 10. Bb3+ Kh8 11. Nf7+ Rxf7 12. Bxf7 Bb4 13. Nd5 Ng4 14. h3 Nh6
15. Nxb4 Nxb4 16. Bb3 d6 17. Qe1 Qh5 18. f5 Bxf5 19. Bxh6 gxh6 20. Qxb4 Bxh3
21. Qc3 Bxg2 22. d5+ Kg8 23. Kxg2 Re8 24. Qh3 Qe2+ 25. Rf2 Qb5 26. Raf1 e3 27.
Rf8+ 1-0

[Event "It (Men) Schaumburg USA"]
[Site "?"]
[Date "2006.04.20"]
[Round "6"]
[White "Hess Robert L"]
[Black "Karagianis Pete"]
[Result "1-0"]
[WhiteElo "2354"]
[BlackElo "2226"]
[PlyCount "41"]
[EventDate "2006.??.??"]
[Source "www.chesslib.no"]
[SourceDate "2004.05.04"]

1. e4 e5 2. Nf3 Nc6 3. Bb5 a6 4. Ba4 f5 5. d4 exd4 6. e5 Bc5 7. O-O Nge7 8. Bb3
d5 9. exd6 Qxd6 10. Ng5 Rf8 11. Nxh7 Rh8 12. Qh5+ Kd8 13. Bg5 Bd7 14. Qf7 Qe5
15. f4 d3+ 16. Kh1 Qxb2 17. Nd2 dxc2 18. Rac1 Qd4 19. Nf3 Be8 20. Qxf5 g6 21.
Qxc2 1-0

[Event "Turin ITA"]
[Site "?"]
[Date "2006.05.22"]
[Round "2"]
[White "Leconte Maria"]
[Black "Berntsen Sheila Barth"]
[Result "1-0"]
[WhiteElo "2345"]
[BlackElo "2159"]
[PlyCount "67"]
[EventDate "2006.??.??"]
[Source "www.chesslib.no"]
[SourceDate "2004.05.04"]

1. e4 e5 2. Nf3 Nc6 3. Bb5 a6 4. Ba4 f5 5. d3 d6 6. O-O Nf6 7. Nc3 Be7 8. d4
O-O 9. dxe5 Nxe5 10. exf5 Nxf3+ 11. Qxf3 c6 12. Ne2 d5 13. Ng3 b5 14. Bb3 Ne8
15. c3 Kh8 16. Bc2 Nd6 17. Qh5 Bf6 18. Be3 Nc4 19. Bc5 Re8 20. b3 Ne5 21. Rfe1
Bb7 22. Bd4 Nd7 23. Re6 c5 24. Bxf6 Nxf6 25. Qf7 Bc8 26. Nh5 Rg8 27. Re3 Nxh5
28. Qxh5 h6 29. Rd1 Rf8 30. f6 Ra7 31. Qg6 gxf6 32. Qxh6+ Kg8 33. Rg3+ Kf7 34.
Rg7+ 1-0

[Event "Autumn Open"]
[Site "?"]
[Date "2005.11.01"]
[Round "4"]
[White "Ivanov Al3"]
[Black "Malakhov Igor"]
[Result "1/2-1/2"]
[WhiteElo "2312"]
[BlackElo "2177"]
[PlyCount "95"]
[EventDate "2005.??.??"]
[Source "www.chesslib.no"]
[SourceDate "2004.05.04"]

1. e4 e5 2. Nf3 Nc6 3. Bb5 a6 4. Ba4 f5 5. d3 Nf6 6. O-O fxe4 7. dxe4 d6 8. Nc3
Be7 9. Nd5 Bd7 10. Ng5 Nd4 11. c3 Nxd5 12. Bxd7+ Qxd7 13. cxd4 Bxg5 14. Bxg5
Nf6 15. Qb3 O-O-O 16. dxe5 dxe5 17. Rac1 Kb8 18. Qc4 Qc8 19. Be3 Rhe8 20. f3
Re6 21. Qc5 b6 22. Qc3 Qd7 23. a4 Ne8 24. a5 Qd3 25. Qe1 Qb5 26. axb6 cxb6 27.
Qc3 Qd3 28. Bf2 Qxc3 29. Rxc3 Rd2 30. b3 Kb7 31. Rfc1 Rd7 32. Bg3 Nf6 33. Kf1
Nh5 34. Bf2 Nf4 35. g3 Nd3 36. Rd1 Nc5 37. Rxd7+ Nxd7 38. Ke2 Rc6 39. Be1 a5
40. f4 Rxc3 41. Bxc3 Kc6 42. Ke3 Kd6 43. h4 h5 44. b4 axb4 45. Bxb4+ Ke6 46.
Kd3 g6 47. Bc3 b5 48. Ke3 1/2-1/2

[Event "open"]
[Site "Charleroi"]
[Date "2004.08.02"]
[Round "4"]
[White "Saiboulatov, Danial"]
[Black "Karpatchev, Aleksandr"]
[Result "1-0"]
[WhiteElo "2390"]
[BlackElo "2484"]
[PlyCount "65"]
[EventDate "2004.07.03"]
[Source "Roberto Alvarez"]
[SourceDate "2004.08.17"]

1. e4 e5 2. Nf3 Nc6 3. Bb5 a6 4. Ba4 f5 5. Nc3 b5 6. Bb3 b4 7. Nb1 fxe4 8. Nxe5
Nxe5 9. Qh5+ Ng6 10. Qd5 Nh6 11. Qxa8 c6 12. d4 Nf5 13. Be3 Bd6 14. Nd2 Nxe3
15. fxe3 Qh4+ 16. Kd1 Qg4+ 17. Kc1 Qxg2 18. Rd1 Ne7 19. a3 bxa3 20. bxa3 Bxh2
21. Kb2 d5 22. c4 Bg1 23. cxd5 Bxe3 24. d6 Bxd2 25. dxe7 Bf4+ 26. Bc2 Kxe7 27.
Rg1 Qf2 28. Qa7+ Bd7 29. Rxg7+ Kf6 30. Rxd7 Rb8+ 31. Rb7 Be3 32. Qxb8 Bxd4+ 33.
Kb3 1-0

[Event "Budapest HUN"]
[Site "?"]
[Date "2003.05.09"]
[Round "7"]
[White "Berczes Csaba"]
[Black "Werner Dimo"]
[Result "1-0"]
[WhiteElo "2251"]
[BlackElo "2359"]
[PlyCount "73"]
[EventDate "2003.??.??"]
[Source "www.chesslib.no"]
[SourceDate "2004.05.04"]

1. e4 e5 2. Nf3 Nc6 3. Bb5 a6 4. Ba4 f5 5. Nc3 b5 6. Bb3 fxe4 7. Nxe5 Qg5 8.
Nxc6 dxc6 9. Nxe4 Qxg2 10. Qh5+ Kd8 11. Qg5+ Qxg5 12. Nxg5 Nh6 13. d4 Be7 14.
Be3 Bf5 15. Ne6+ Bxe6 16. Bxe6 Rf8 17. Rg1 Bf6 18. O-O-O Nf7 19. d5 Nd6 20.
dxc6 Ke7 21. Bb3 Rae8 22. a4 Kd8 23. axb5 axb5 24. c3 Re4 25. Kc2 Rfe8 26. Ra1
Ke7 27. Ra7 Rc8 28. Rd1 h6 29. Rd5 Re5 30. Kd3 g5 31. f4 Rxd5+ 32. Bxd5 g4 33.
Bb6 Kd8 34. Ba5 Ke8 35. Be6 Rd8 36. Bxc7 Nc8+ 37. Bxd8 1-0

[Event "Schwarzach op-A 18th"]
[Site "?"]
[Date "2003.08.27"]
[Round "5.7"]
[White "Braslavskij Alex"]
[Black "Karpatchev Aleksandr"]
[Result "1-0"]
[WhiteElo "2243"]
[BlackElo "2397"]
[PlyCount "121"]
[EventDate "2003.??.??"]
[Source "www.chesslib.no"]
[SourceDate "2004.05.04"]

1. e4 e5 2. Nf3 Nc6 3. Bb5 a6 4. Ba4 f5 5. d3 fxe4 6. dxe4 Nf6 7. O-O d6 8. Re1
Be7 9. Nc3 b5 10. Bb3 Na5 11. Nd5 Nxb3 12. axb3 c6 13. Nxf6+ Bxf6 14. c4 Be6
15. Qd3 O-O 16. Bd2 Be7 17. Bb4 Qb8 18. cxb5 c5 19. Bc3 Qxb5 20. Qxb5 axb5 21.
b4 c4 22. Nd2 Rfb8 23. Nf1 Bd8 24. Rxa8 Rxa8 25. Rd1 Bc7 26. Ne3 Kf7 27. Kf1
Ke7 28. Nd5+ Bxd5 29. Rxd5 Rb8 30. f4 g6 31. fxe5 Ke6 32. exd6 Bxd6 33. g3 Rb7
34. Kg2 Rb8 35. Kf3 Rb7 36. Ke2 Rb8 37. Kf3 Rb7 38. Kg4 Rb8 39. h4 Rb7 40. h5
Rb6 41. hxg6 hxg6 42. Rg5 Kf7 43. e5 Be7 44. e6+ Rxe6 45. Rxb5 Re3 46. Rb6 Rd3
47. Be5 Re3 48. Kf4 Bg5+ 49. Kxg5 Rxe5+ 50. Kf4 Re2 51. Rc6 Rxb2 52. Rxc4 Kf6
53. g4 Rf2+ 54. Ke4 Rd2 55. Rd4 Rc2 56. Kd5 Ke7 57. Rc4 Rf2 58. Kc6 Kd8 59. b5
Kc8 60. Kb6+ Kb8 61. Rc6 1-0

[Event "Stuttgarter Stadtmeisterschaften 2003"]
[Site "?"]
[Date "2003.05.30"]
[Round "3.8"]
[White "Zimmermann Julian"]
[Black "Karpatchev Aleksandr"]
[Result "0-1"]
[WhiteElo "2209"]
[BlackElo "2416"]
[PlyCount "94"]
[EventDate "2003.??.??"]
[Source "www.chesslib.no"]
[SourceDate "2004.05.04"]

1. e4 e5 2. Nf3 Nc6 3. Bb5 a6 4. Ba4 f5 5. Bxc6 dxc6 6. Qe2 Nf6 7. Nc3 fxe4 8.
Nxe4 Bg4 9. Nxf6+ gxf6 10. d4 Qd5 11. dxe5 O-O-O 12. h3 Bxf3 13. Qxf3 Qxe5+ 14.
Qe3 Bb4+ 15. c3 Qd5 16. Qe2 Rde8 17. Be3 Bc5 18. Qd2 Qc4 19. Qe2 Qd5 20. Qd2
Qxg2 21. O-O-O Bxe3 22. fxe3 Qxd2+ 23. Kxd2 Rhg8 24. Rde1 Rd8+ 25. Kc1 Rg2 26.
Rhg1 Rh2 27. Rh1 Rdd2 28. Rxh2 Rxh2 29. Rf1 Rxh3 30. Rxf6 Rxe3 31. Rf7 Rh3 32.
a4 a5 33. Kc2 b6 34. c4 Kb7 35. b3 c5 36. Kb2 Kc6 37. Kc2 Kd6 38. Kb2 h6 39.
Rh7 Rh1 40. Kc2 h5 41. Kb2 h4 42. Kc2 Ke5 43. Rxc7 h3 44. Kb2 Kf4 45. Rc6 Rg1
46. Rh6 Rg2+ 47. Ka3 h2 0-1

[Event "Pablo Gorbea mem 6th"]
[Site "Madrid"]
[Date "2002.09.20"]
[Round "5"]
[White "Rodriguez Guerrero, Enrique"]
[Black "Lopez de Turiso, Jose Angel"]
[Result "1-0"]
[WhiteElo "2324"]
[BlackElo "2160"]
[PlyCount "53"]
[EventDate "2002.09.16"]
[Source "ChessBase"]
[SourceDate "2002.11.06"]

1. e4 e5 2. Nf3 Nc6 3. Bb5 a6 4. Ba4 f5 5. d4 exd4 6. e5 Bc5 7. O-O Nge7 8. c3
dxc3 9. Nxc3 d5 10. Bg5 Be6 11. Bxe7 Kxe7 12. Bb3 d4 13. Bxe6 dxc3 14. Qb3 Na5
15. Qxc3 Kxe6 16. Qxc5 b6 17. Nd4+ Kf7 18. e6+ Ke8 19. Qxf5 Qf6 20. Qe4 Rd8 21.
Rad1 Rf8 22. b4 c5 23. bxc5 bxc5 24. Nf3 c4 25. e7 Qxe7 26. Rxd8+ Kxd8 27. Qd5+
1-0

[Event "LAT-EST m"]
[Site "Riga"]
[Date "2002.08.31"]
[Round "?"]
[White "Semasev, Kim"]
[Black "Tarakanov, Oleg"]
[Result "1/2-1/2"]
[WhiteElo "2274"]
[BlackElo "2224"]
[PlyCount "43"]
[EventDate "2002.08.31"]
[Source "ChessBase"]
[SourceDate "2002.11.06"]

1. e4 e5 2. Nf3 Nc6 3. Bb5 a6 4. Ba4 f5 5. exf5 e4 6. Qe2 Qe7 7. Bxc6 bxc6 8.
Nd4 c5 9. Nb3 Nf6 10. O-O Qe5 11. d3 Bd6 12. f4 exf3 13. Qxe5+ Bxe5 14. Re1 f2+
15. Kxf2 O-O 16. Kg1 d6 17. N1d2 Ng4 18. Nf3 Bf6 19. c3 Bxf5 20. h3 Ne5 21.
Nxe5 Bxe5 22. d4 1/2-1/2

[Event "Izmir GP op"]
[Site "Izmir"]
[Date "2002.09.06"]
[Round "9"]
[White "Dogantug, Ismail"]
[Black "Haznedaroglu, Kivanc"]
[Result "0-1"]
[WhiteElo "2175"]
[BlackElo "2370"]
[PlyCount "114"]
[EventDate "2002.08.28"]
[Source "ChessBase"]
[SourceDate "2002.11.06"]

1. e4 e5 2. Nf3 Nc6 3. Bb5 a6 4. Ba4 f5 5. d4 exd4 6. e5 Bc5 7. O-O Nge7 8. Qd3
d5 9. exd6 Qxd6 10. Bb3 h6 11. Qc4 Rf8 12. Bf4 Qxf4 13. Qxc5 Bd7 14. Nbd2 Rf6
15. Rfe1 Qd6 16. Qxd6 Rxd6 17. Nc4 Rf6 18. Rad1 O-O-O 19. Nxd4 Ng6 20. Nxc6
Bxc6 21. Rxd8+ Kxd8 22. Ne5 Nxe5 23. Rxe5 f4 24. f3 Rd6 25. Bc4 Rd1+ 26. Kf2
Rb1 27. Rf5 b5 28. Rf8+ Ke7 29. Rf7+ Kd6 30. Bd3 Rxb2 31. Rxg7 Rxa2 32. Rg6+
Kc5 33. Rxh6 b4 34. Ke1 a5 35. Kd1 Ra1+ 36. Kd2 Rg1 37. Rh5+ Kb6 38. g3 fxg3
39. hxg3 Rxg3 40. Rh6 Kc5 41. Rh5+ Bd5 42. f4 Kd4 43. Rh7 Rg2+ 44. Kc1 c5 45.
Ra7 Kc3 46. Kd1 b3 47. Rc7 b2 48. Rxc5+ Kd4 49. Rb5 b1=Q+ 50. Rxb1 Rg1+ 51. Kd2
Rg2+ 52. Kc1 Kc3 53. Be2 Rxe2 54. Kd1 Rh2 55. Rb6 Bc4 56. Ke1 Re2+ 57. Kd1 Rf2
0-1

[Event "Capablanca mem Mixto"]
[Site "Havana"]
[Date "2002.05.15"]
[Round "9"]
[White "Pina, Sulennis"]
[Black "Montalvo, Alejandro"]
[Result "0-1"]
[WhiteElo "2371"]
[BlackElo "2268"]
[PlyCount "78"]
[EventDate "2002.05.06"]
[Source "ChessBase"]
[SourceDate "2002.07.08"]

1. e4 e5 2. Nf3 Nc6 3. Bb5 a6 4. Ba4 f5 5. d3 fxe4 6. dxe4 Nf6 7. O-O d6 8. Bg5
Be7 9. Nc3 O-O 10. Nd5 Kh8 11. Nxe7 Qxe7 12. Qd3 Nd8 13. Bb3 Ne6 14. Bxe6 Bxe6
15. Nh4 Qf7 16. b3 Qh5 17. Nf3 Bg4 18. Bd2 d5 19. Ng5 Be2 20. Qc3 h6 21. Ne6
Nxe4 22. Qe3 Rf7 23. f3 Nxd2 24. Qxd2 Bxf1 25. Rxf1 c6 26. Nc5 Re8 27. Re1 Qh4
28. g3 Qh5 29. f4 Rfe7 30. Nd3 exf4 31. Rxe7 Rxe7 32. Nxf4 Qf7 33. Qb4 Kg8 34.
Qd6 g5 35. Nd3 Kh7 36. Qb4 Re2 37. Qg4 Qe6 38. Qxe6 Rxe6 39. Kf2 a5 0-1

[Event "EST-chT"]
[Site "Tallinn"]
[Date "2002.04.06"]
[Round "7"]
[White "Rytshagov, Mikhail"]
[Black "Tarakanov, Oleg"]
[Result "1/2-1/2"]
[WhiteElo "2513"]
[BlackElo "2172"]
[PlyCount "23"]
[EventDate "2002.03.08"]
[Source "ChessBase"]
[SourceDate "2002.05.03"]

1. e4 e5 2. Nf3 Nc6 3. Bb5 a6 4. Ba4 f5 5. d4 exd4 6. e5 Bc5 7. O-O Nge7 8. Bb3
d5 9. exd6 Qxd6 10. Re1 Bd7 11. Ng5 Rf8 12. Qh5+ 1/2-1/2

[Event "CRO Ch"]
[Site "?"]
[Date "2002.11.26"]
[Round "3"]
[White "Jurkovic Ante"]
[Black "Lasic Luka"]
[Result "1-0"]
[WhiteElo "2340"]
[BlackElo "2217"]
[PlyCount "43"]
[EventDate "2002.??.??"]
[Source "www.chesslib.no"]
[SourceDate "2004.05.04"]

1. e4 e5 2. Nf3 Nc6 3. Bb5 a6 4. Ba4 f5 5. d4 exd4 6. e5 Bc5 7. O-O Nge7 8. c3
dxc3 9. Nxc3 d5 10. Bg5 Be6 11. Rc1 Bb6 12. Bxe7 Kxe7 13. Qd2 h6 14. Rfd1 d4
15. Ne2 Kf7 16. Nf4 Na7 17. Nxe6 Kxe6 18. Qf4 c5 19. Bb3+ Ke7 20. Qxf5 Qd7 21.
Qg6 Kd8 22. Qxb6+ 1-0

[Event "Budapest FS12 IM-A"]
[Site "Budapest"]
[Date "2001.12.03"]
[Round "3"]
[White "Varadi, Viktor"]
[Black "Paci, Cedric"]
[Result "1-0"]
[WhiteElo "2248"]
[BlackElo "2256"]
[PlyCount "71"]
[EventDate "2001.12.01"]
[Source "ChessBase"]
[SourceDate "2002.01.21"]

1. e4 e5 2. Nf3 Nc6 3. Bb5 a6 4. Ba4 f5 5. d4 fxe4 6. Nxe5 Nf6 7. O-O Bd6 8. f4
exf3 9. Nxf3 O-O 10. c4 b6 11. Nc3 Kh8 12. Bg5 Qe8 13. Bc2 Bb7 14. Bxf6 Rxf6
15. Ne4 Rh6 16. Nxd6 Qe3+ 17. Kh1 Rxd6 18. d5 Na5 19. Re1 Qf4 20. Re4 Qf6 21.
b4 Nxc4 22. Rxc4 Bxd5 23. Rd4 Re8 24. Qd3 Be4 25. Rxe4 Qxa1+ 26. Ng1 Rxe4 27.
Qxe4 g6 28. Qe8+ Kg7 29. Qe7+ Kh6 30. Qh4+ Kg7 31. Qe7+ Kh6 32. Qf8+ Kh5 33.
Qf4 Rf6 34. g4+ Kh4 35. Qg3+ Kg5 36. h4+ 1-0

[Event "Tatry op"]
[Site "Tatranske Zruby"]
[Date "2001.10.01"]
[Round "4"]
[White "Folk, Petr"]
[Black "Tomcik, Milan"]
[Result "1-0"]
[WhiteElo "2279"]
[BlackElo "2181"]
[PlyCount "65"]
[EventDate "2001.09.29"]
[Source "ChessBase"]
[SourceDate "2001.10.26"]

1. e4 e5 2. Nf3 Nc6 3. Bb5 a6 4. Ba4 f5 5. d4 exd4 6. e5 d5 7. exd6 Qxd6 8. O-O
Be7 9. Re1 b5 10. Bb3 h6 11. a4 b4 12. Nbd2 Na5 13. Nc4 Nxc4 14. Bxc4 Nf6 15.
Qxd4 Qxd4 16. Nxd4 Kf8 17. Bf4 Bd7 18. Ne6+ Bxe6 19. Bxe6 c6 20. Bxf5 Nd5 21.
Be5 Kf7 22. Bd7 c5 23. Rad1 Nf6 24. Bc7 Ra7 25. Be6+ Kg6 26. Bb6 Rb7 27. a5 Rf8
28. Re5 Re8 29. Bc4 Nd7 30. Re6+ Kf5 31. g4+ Kxg4 32. Bxa6 Kf5 33. Rde1 1-0

[Event "Leutersdorf op 6th"]
[Site "?"]
[Date "2001.02.15"]
[Round "7"]
[White "Lanka Zigurds"]
[Black "Karpatchev Aleksandr"]
[Result "0-1"]
[WhiteElo "2507"]
[BlackElo "2380"]
[PlyCount "88"]
[EventDate "2001.??.??"]
[Source "www.chesslib.no"]
[SourceDate "2004.05.04"]

1. e4 e5 2. Nf3 Nc6 3. Bb5 a6 4. Ba4 f5 5. d4 fxe4 6. Nxe5 Nf6 7. O-O Bd6 8. f4
exf3 9. Nxf3 O-O 10. Nc3 Na5 11. Bb3+ Nxb3 12. axb3 b6 13. Ne5 Bb7 14. Bf4 Qe8
15. h3 b5 16. Qd3 Nh5 17. Bh2 Qe6 18. Rae1 Rxf1+ 19. Rxf1 Rf8 20. Rxf8+ Bxf8
21. Qe2 Nf6 22. Nd3 Qxe2 23. Nxe2 d6 24. b4 Be4 25. Nec1 Nd5 26. c3 Be7 27. Nf4
Nxf4 28. Bxf4 Kf7 29. Nb3 Ke6 30. Nd2 Bb7 31. Kf2 c5 32. bxc5 dxc5 33. Be3 c4
34. Nf3 Bxf3 35. Kxf3 Kd5 36. Bf4 b4 37. Ke2 a5 38. Kd1 b3 39. Kc1 a4 40. Kb1
Ke4 41. Bc7 a3 42. bxa3 Bxa3 43. Be5 g6 44. h4 Kd3 0-1

[Event "Budapest FS02 IM-B"]
[Site "Budapest"]
[Date "2000.02.08"]
[Round "4"]
[White "Karatorossian, David"]
[Black "Sikula, Vaszilij"]
[Result "0-1"]
[WhiteElo "2345"]
[BlackElo "2346"]
[PlyCount "116"]
[EventDate "2000.02.05"]
[Source "ChessBase"]
[SourceDate "2000.03.10"]

1. e4 e5 2. Nf3 Nc6 3. Bb5 a6 4. Ba4 f5 5. Nc3 b5 6. Bb3 b4 7. Nd5 fxe4 8. Ng1
Nf6 9. d3 exd3 10. Qxd3 Na5 11. Nxf6+ gxf6 12. Bd5 Bb7 13. Bxb7 Nxb7 14. Qf3 d5
15. Qh5+ Kd7 16. Qf5+ Kc6 17. Ne2 Be7 18. c3 Qg8 19. O-O Nd6 20. Qc2 Qg6 21.
Qa4+ Nb5 22. Be3 Kb7 23. Rfd1 Rhg8 24. g3 Qg4 25. Qc2 c6 26. c4 Nc7 27. cxd5
Nxd5 28. Rac1 Rac8 29. a3 f5 30. Qd3 f4 31. Rc4 Nxe3 32. fxe3 Rgd8 33. Qc2
Rxd1+ 34. Qxd1 Qe6 35. Qb3 Qg4 36. Qc2 Qg6 37. Qxg6 hxg6 38. exf4 exf4 39. Nxf4
bxa3 40. bxa3 g5 41. Ne6 Bxa3 42. Nxg5 a5 43. Ne4 Kb6 44. Nc3 Bb4 45. h4 Rd8
46. Kf2 Rd2+ 47. Ke3 Rh2 48. Kf4 c5 49. Ke3 a4 50. Kd3 a3 51. Rf4 a2 52. Rf1
Rf2 53. Nd5+ Kc6 54. Nxb4+ cxb4 55. Ra1 Kb5 56. h5 b3 57. Ke3 Rg2 58. g4 Kb4
0-1

[Event "AUT-chT2S 9900"]
[Site "?"]
[Date "2000.01.23"]
[Round "6.2"]
[White "Mocchi Tullio"]
[Black "Mitter Gerd"]
[Result "1-0"]
[WhiteElo "2390"]
[BlackElo "2261"]
[PlyCount "25"]
[EventDate "2000.??.??"]
[Source "www.chesslib.no"]
[SourceDate "2004.05.04"]

1. e4 e5 2. Nf3 Nc6 3. Bb5 a6 4. Ba4 f5 5. exf5 d6 6. O-O Bxf5 7. d4 e4 8. d5
b5 9. dxc6 bxa4 10. Nd4 Bg6 11. f3 d5 12. fxe4 dxe4 13. Rxf8+ 1-0

[Event "Corr"]
[Site "?"]
[Date "2000.10.01"]
[Round "?"]
[White "Deneuville Christian (FRA)"]
[Black "Kuenzel Ulrich (GER)"]
[Result "1-0"]
[WhiteElo "2483"]
[BlackElo "2192"]
[PlyCount "53"]
[EventDate "2000.??.??"]
[Source "www.chesslib.no"]
[SourceDate "2004.05.04"]

1. e4 e5 2. Nf3 Nc6 3. Bb5 a6 4. Ba4 f5 5. d4 fxe4 6. Nxe5 Qf6 7. f4 Nge7 8.
O-O b5 9. Bb3 Nd8 10. Nc3 Bb7 11. d5 Qf5 12. Qe2 d6 13. Ng4 h6 14. Ne3 Qf6 15.
Nxe4 Qd4 16. c3 Qb6 17. Re1 Nf7 18. Kh1 O-O-O 19. Qg4+ Rd7 20. a4 h5 21. Qe2
bxa4 22. Bxa4 Rd8 23. Rd1 Kb8 24. Nc4 Qa7 25. Na5 Qb6 26. Nxb7 Rh6 27. Nxd8 1-0

[Event "Budapest FS03 IM"]
[Site "Budapest"]
[Date "1999.03.08"]
[Round "3"]
[White "Toth, Andras"]
[Black "Hrvacic, Pavle"]
[Result "1/2-1/2"]
[WhiteElo "2301"]
[BlackElo "2235"]
[PlyCount "86"]
[EventDate "1999.03.??"]
[Source "www.chesslib.no"]
[SourceDate "2004.05.04"]

1. e4 e5 2. Nf3 Nc6 3. Bb5 a6 4. Ba4 f5 5. d4 exd4 6. e5 Bc5 7. c3 dxc3 8. Nxc3
Nge7 9. Bb3 d5 10. Nxd5 Nxd5 11. Qxd5 Qxd5 12. Bxd5 Nb4 13. Bb3 Nd3+ 14. Ke2
Nxf2 15. Rf1 Ne4 16. Ng5 Nxg5 17. Bxg5 Bd7 18. a4 h6 19. Bh4 g5 20. e6 gxh4 21.
exd7+ Kxd7 22. Rxf5 Rae8+ 23. Kd2 Bd6 24. h3 c6 25. Bd1 Rhf8 26. Rxf8 Rxf8 27.
Bg4+ Kc7 28. Bf3 Rf4 29. b3 Rb4 30. Kc3 a5 31. Re1 Rxa4 32. bxa4 Bb4+ 33. Kc4
Bxe1 34. Be4 Kd6 35. Bf5 Bf2 36. Bg4 Bg3 37. Bf5 Be1 38. Bg4 Bf2 39. Bf5 h5 40.
Bc8 Kc7 41. Bf5 Kb6 42. Bc8 Bg1 43. Bd7 Kc7 1/2-1/2

[Event "Bydgoszcz op-B"]
[Site "Bydgoszcz"]
[Date "1999.??.??"]
[Round "8"]
[White "Stoppel, Mariusz"]
[Black "Barsegian, Ararat"]
[Result "0-1"]
[WhiteElo "2157"]
[BlackElo "2198"]
[PlyCount "78"]
[EventDate "1999.??.??"]
[Source "www.chesslib.no"]
[SourceDate "2004.05.04"]

1. e4 e5 2. Nf3 Nc6 3. Bb5 a6 4. Ba4 f5 5. d3 fxe4 6. dxe4 Nf6 7. O-O d6 8. Bg5
Be7 9. Bxf6 Bxf6 10. Qd5 Bd7 11. c4 Qe7 12. Nc3 g5 13. Qd3 Be6 14. Nd5 Qf7 15.
Qe3 h6 16. Rfd1 g4 17. Ne1 Bg5 18. Qe2 O-O 19. Nc2 h5 20. Bb3 Rad8 21. Rd3 Rd7
22. Rf1 Qg6 23. Ndb4 Na5 24. Rc3 c5 25. Nd5 Rdf7 26. Ba4 Nc6 27. Rb3 Nd4 28.
Nxd4 cxd4 29. Rb6 Bxd5 30. exd5 Rxf2 31. Rxf2 Be3 32. Bc2 Qh6 33. Kh1 Rxf2 34.
Qd1 Qf4 35. Bd3 e4 36. Be2 d3 37. Rxb7 dxe2 38. Rb8+ Kh7 39. Rb7+ Kg6 0-1

[Event "CZE-chT2"]
[Site "?"]
[Date "1999.??.??"]
[Round "?"]
[White "Gdovin Jan"]
[Black "Borkovec Milan"]
[Result "0-1"]
[WhiteElo "2235"]
[BlackElo "2235"]
[PlyCount "26"]
[EventDate "1999.??.??"]
[Source "www.chesslib.no"]
[SourceDate "2004.05.04"]

1. e4 e5 2. Nf3 Nc6 3. Bb5 a6 4. Ba4 f5 5. d3 fxe4 6. dxe4 d6 7. Nc3 Nf6 8. Qd3
b5 9. Bb3 Na5 10. Nd5 Nxb3 11. axb3 Bb7 12. Bd2 Be7 13. O-O Bxd5 0-1

[Event "Corr"]
[Site "?"]
[Date "1999.??.??"]
[Round "?"]
[White "Berthelsen Roald"]
[Black "Christoffel Martin"]
[Result "1-0"]
[WhiteElo "2210"]
[BlackElo "2416"]
[PlyCount "61"]
[EventDate "1999.??.??"]
[Source "www.chesslib.no"]
[SourceDate "2004.05.04"]

1. e4 e5 2. Nf3 Nc6 3. Bb5 a6 4. Ba4 f5 5. d4 exd4 6. e5 Bc5 7. O-O Nge7 8. Bb3
d5 9. exd6 Qxd6 10. Re1 Bd7 11. Nbd2 O-O-O 12. Nc4 Qf6 13. Bg5 Qf8 14. Nce5 Be8
15. Nxc6 Bxc6 16. Ne5 Bd5 17. Qd3 c6 18. Bxd5 Rxd5 19. Qc4 Ng6 20. Nxc6 bxc6
21. b4 Kb7 22. bxc5 Qxc5 23. Rab1+ Ka7 24. Qb3 Qb5 25. Qg3 Re5 26. Red1 Rhe8
27. f4 Re3 28. Rxb5 Rxg3 29. Rxf5 Rc3 30. Rf7+ Kb6 31. f5 1-0

[Event "Copenhagen op"]
[Site "Copenhagen"]
[Date "1998.06.22"]
[Round "2"]
[White "Mortensen, Erling"]
[Black "Lilja, Richard"]
[Result "1-0"]
[WhiteElo "2510"]
[BlackElo "2155"]
[PlyCount "33"]
[EventDate "1998.06.??"]
[Source "www.chesslib.no"]
[SourceDate "2004.05.04"]

1. e4 e5 2. Nf3 Nc6 3. Bb5 a6 4. Ba4 f5 5. d4 exd4 6. e5 Bc5 7. O-O Nge7 8. c3
dxc3 9. Nxc3 d5 10. Bg5 Be6 11. Rc1 h6 12. Bxe7 Bxe7 13. Nd4 Kf7 14. Nxe6 Kxe6
15. Nxd5 Kf7 16. Bxc6 bxc6 17. Rxc6 1-0

[Event "Adelkis mem"]
[Site "?"]
[Date "1998.??.??"]
[Round "?"]
[White "Otero Diasmany"]
[Black "Perez Luis Manuel"]
[Result "1-0"]
[WhiteElo "2330"]
[BlackElo "2310"]
[PlyCount "49"]
[EventDate "1998.??.??"]
[Source "www.chesslib.no"]
[SourceDate "2004.05.04"]

1. e4 e5 2. Nf3 Nc6 3. Bb5 a6 4. Ba4 f5 5. d4 exd4 6. e5 Bc5 7. O-O Nge7 8. Re1
O-O 9. c3 dxc3 10. Nxc3 d5 11. Bb3 Kh8 12. Ng5 h6 13. Nxd5 Nxd5 14. Bxd5 Qe8
15. Qb3 Nd4 16. Qc3 Bb4 17. Qxb4 Nc2 18. Qc3 Nxe1 19. e6 c6 20. Nf7+ Kh7 21.
Bxh6 gxh6 22. Qf6 Nf3+ 23. Kh1 Rxf7 24. exf7 Qf8 25. Bxf3 1-0

[Event "CRO-chT2"]
[Site "Pula"]
[Date "1998.??.??"]
[Round "8"]
[White "Bozanic, Ivica"]
[Black "Lasic, Luka"]
[Result "1/2-1/2"]
[WhiteElo "2265"]
[BlackElo "2200"]
[PlyCount "81"]
[EventDate "1998.??.??"]
[Source "www.chesslib.no"]
[SourceDate "2004.05.04"]

1. e4 e5 2. Nf3 Nc6 3. Bb5 a6 4. Ba4 f5 5. d4 exd4 6. e5 Bc5 7. O-O Nge7 8. Bb3
h6 9. Re1 d6 10. exd6 Qxd6 11. Nbd2 b5 12. a4 Bb7 13. axb5 axb5 14. Rxa8+ Bxa8
15. Re6 Qd7 16. Qe2 d3 17. cxd3 Kd8 18. Nf1 Nd4 19. Nxd4 Bxd4 20. Be3 Bf6 21.
Bc5 Nd5 22. Ra6 Bb7 23. Ra7 Nf4 24. Qc2 Qc6 25. Ne3 Re8 26. d4 Nd5 27. Bxd5
Qxd5 28. Ra1 Qe4 29. Qxe4 Bxe4 30. h3 Kd7 31. Ra5 Rb8 32. f3 Bd3 33. Ra3 Bb1
34. Ra1 Bg5 35. Nd5 Bd3 36. Ra7 Bd8 37. Nf4 Bc4 38. Ng6 Kc6 39. Ne5+ Kd5 40.
Kf2 Rc8 41. Ke3 1/2-1/2

[Event "SVK-chT1O 9798"]
[Site "SVK"]
[Date "1997.??.??"]
[Round "1"]
[White "Hagarova, Zuzana"]
[Black "Singliar, Anton"]
[Result "1-0"]
[WhiteElo "2305"]
[BlackElo "2205"]
[PlyCount "63"]
[EventDate "1998.??.??"]
[Source "www.chesslib.no"]
[SourceDate "2004.05.04"]

1. e4 e5 2. Nf3 Nc6 3. Bb5 a6 4. Ba4 f5 5. d4 exd4 6. e5 Bc5 7. O-O Nge7 8. Bb3
d5 9. exd6 Qxd6 10. Re1 Bd7 11. Nbd2 O-O-O 12. Nc4 Qf6 13. Bg5 Qf8 14. Nce5 Be8
15. Nxc6 Bxc6 16. Ne5 Bd5 17. Qd3 c6 18. Bxd5 Rxd5 19. Qc4 Ng6 20. Nxc6 bxc6
21. b4 Kc7 22. bxc5 Qxc5 23. Qe2 Rb8 24. h4 h6 25. Bd2 Rb2 26. Qe8 Rxc2 27.
Rac1 Rxc1 28. Rxc1 Qd6 29. Bb4 Qf6 30. Qa8 Rb5 31. Qa7+ Rb7 32. Ba5+ 1-0